000
00275nam a2200109Ia 4500
005
20251222175720.0
008
251222s9999||||xx |||||||||||||| ||spa||
082
_a
DVD0080/M48/2011
245
0
_a
Los Ășltimos cristeros: The last Christeros
264
_b
IDTV Film
942
_c
CD
999
_c
40328
_d
40328